Využitie rozhodovacích metód v podnikovej praxi diplomová práca

Salvato in:
Dettagli Bibliografici
Autore principale: Triščíková, Ľuboslava
Ente Autore: Podnikovohospodárska fakulta EU so sídlom v Košiciach. Katedra manažmentu
Altri autori: Szaryszová, Petra, 1984-
Natura: Libro
Lingua:slovacco
Pubblicazione: Košice 2019
Tags: Aggiungi Tag
Nessun Tag, puoi essere il primo ad aggiungerne!!

MARC

LEADER 00000nbm a2200000 4500
001 0254765
005 20190913135714.7
041 0 |a slo 
044 |a SK 
245 1 0 |a Využitie rozhodovacích metód v podnikovej praxi  |b diplomová práca  |c Ľuboslava Triščíková ; školiteľ: Petra Szaryszová 
264 1 |a Košice  |c 2019 
300 |a 87 s. 
100 1 |a Triščíková, Ľuboslava 
700 1 |a Szaryszová, Petra, 1984- 
710 2 |a Podnikovohospodárska fakulta EU so sídlom v Košiciach. Katedra manažmentu